LDR 00976naa#a2200205#i#450# 001 RU\\bibl\120500 005 20260602071100.2 011 ## _a2413-046X 100 ## _a20260527b2026####ek#y0rusy0150####ca 102 ## _aRU 200 1# _aМетодика интегральной оценки финансовой устойчивости предприятий на основе комбинирования многокритериального подхода и бинарных моделей _eЖурнальная статья 210 1# _aМосква _cЭлектронная наука _d2026 215 ## _a11 с. 608 ## _aЖурнальная статья _2local 675 ## _aЭконометрия. 330.43 _z 700 #1 _aПараскевопуло _gОльга Ригасовна 700 #1 _aКозлова _gОльга Юрьевна 700 #1 _aРадыгин _gВиктор Юрьевич 700 #1 _aМанаенкова _gТатьяна Андреевна 856 4# _aqje.su _u